[Event "Veneto CIS Prom 5 55th"]
[White "Fiscato, Claudio"]
[Black "Lippa, Tommaso"]
[Site "Meledo"]
[Round "5.1"]
[Result "1/2-1/2"]
[Date "2024.03.17"]
[WhiteElo "1738"]
[BlackElo "1789"]
[PlyCount "34"]
[EventDate "2024.03.15"]
[EventType "team-tourn"]
[EventRounds "5"]
[EventCountry "ITA"]
[SourceTitle "EXT 2025"]
[Source "ChessBase"]
[SourceDate "2024.10.14"]
[SourceVersion "1"]
[SourceVersionDate "2024.10.14"]
[SourceQuality "1"]
[WhiteTeam "Meledo Berici III"]
[BlackTeam "Verona Battinelli II"]
[WhiteTeamCountry "ITA"]
[BlackTeamCountry "ITA"]

1. e4 e5 2. Nf3 Nf6 3. d4 exd4 4. e5 Qe7 5. Be2 Nd5 6. Qxd4 Qb4+ 7. c3 Qxd4 8. Nxd4 d6 9. exd6 Bxd6 10. 0-0 c6 11. Bf3 Nc7 12. Re1+ Kf8 13. Be3 Nd7 14. Nf5 Bc5 15. Bxc5+ Nxc5 16. Nd6 N7e6 17. Rd1 g6 1/2-1/2

[Event "Veneto CIS Prom 5 55th"]
[White "Lippa, Tommaso"]
[Black "Cecchetto, Vanni"]
[Site "Meledo"]
[Round "4.1"]
[Result "1-0"]
[Date "2024.03.17"]
[WhiteElo "1789"]
[BlackElo "1741"]
[PlyCount "65"]
[EventDate "2024.03.15"]
[EventType "team-tourn"]
[EventRounds "5"]
[EventCountry "ITA"]
[SourceTitle "EXT 2025"]
[Source "ChessBase"]
[SourceDate "2024.10.14"]
[SourceVersion "1"]
[SourceVersionDate "2024.10.14"]
[SourceQuality "1"]
[WhiteTeam "Verona Battinelli II"]
[BlackTeam "Rovigo Rhodigium Chess"]
[WhiteTeamCountry "ITA"]
[BlackTeamCountry "ITA"]

1. e4 c6 2. Nf3 d5 3. Nc3 dxe4 4. Nxe4 Nf6 5. Qe2 Bf5 6. Nxf6+ gxf6 7. d4 Nd7 8. Bf4 Qb6 9. c3 Bg6 10. g3 0-0-0 11. Bh3 e5 12. dxe5 Bg7 13. 0-0 Rhe8 14. Rad1 f5 15. Be3 Qa5 16. Nd4 Nxe5 17. Bxf5+ Kb8 18. Bxg6 hxg6 19. b4 Qc7 20. Bf4 Ka8 21. a4 Qe7 22. Rfe1 Qf8 23. Qa2 Rxd4 24. cxd4 Nf3+ 25. Kf1 Rxe1+ 26. Rxe1 Nxh2+ 27. Kg2 Ng4 28. Bd6 Qg8 29. Qe2 Nf6 30. Qe7 b6 31. Qc7 a5 32. Qxc6+ Ka7 33. Re7+ 1-0